000 00336nas a2200157 a 4500
001 66183
003 139013
005 20201118110254.0
008 ||||||n9999 ||| || ||
041 _afre
245 0 _aEsprit - no.6
260 _aFrancia :
_bALBEG,
_c1999.
562 _e1
773 _058070
_aEsprit :
942 _cSISS
999 _c66183
_d66183